| 000 | 00669nam a2200241Ia 4500 | ||
|---|---|---|---|
| 003 | OSt | ||
| 005 | 20221005093246.0 | ||
| 006 | a|||||r|||| 00| 0 | ||
| 007 | ta | ||
| 008 | 221004b |||||||| |||| 00| 0 eng d | ||
| 024 | _a18132 | ||
| 037 |
_bGift, 28/05/2015, _cTextual |
||
| 040 |
_aCRL _cCRL _beng |
||
| 041 |
_2eng _aeng |
||
| 082 | _aO111,3M79,AP, F0 | ||
| 100 | _aForster E M | ||
| 245 | 0 | _aWhere angels fear to tread | |
| 260 |
_aNew York _bVintage Books USA _c1920 |
||
| 300 |
_a184p. _ccm. |
||
| 650 | _aENGLISH LITERATURE | ||
| 942 |
_hO111,3M79,AP, F0 _cTEXL _2cc |
||
| 999 |
_c1000090 _d1000090 |
||